Memòria /
Publicado:
Barcelona :
Diputació de Barcelona. Àrea d'Espais Naturals, Xarxa de Parcs Naturals ,
2010
Descripción Física:
Volums : il·lustracions 30 cm
Materias:
Parc del Foix (Catalunya)
; Barcelona (Catalunya : Província). -- Diputació -- Revistes
; Parcs Naturals -- Barcelona (Catalunya : Província)
; Parcs naturals -- Barcelona (Catalunya : Província) -- Revistes
Idioma:
Catalán
MARC
| LEADER | 00000nam a2200000Ia 4500 | ||
|---|---|---|---|
| 001 | 22970, 23371 | ||
| 003 | Arxiu | ||
| 005 | 20260324181053.0 | ||
| 008 | 160829s2009- spca xx s cat c | ||
| 040 | |a AGDB | ||
| 080 | |a FU-58-19, C-3-382 | ||
| 110 | |a Parc del Foix (Catalunya) |9 52674 | ||
| 245 | 1 | 0 | |a Memòria / |c Parc del Foix |
| 260 | |a Barcelona : |b Diputació de Barcelona. Àrea d'Espais Naturals, Xarxa de Parcs Naturals, |c 2010- | ||
| 300 | |a Volums : |b il·lustracions |c 30 cm | ||
| 610 | 0 | |9 52674 |a Parc del Foix (Catalunya) | |
| 610 | 1 | 0 | |9 54166 |a Barcelona (Catalunya : Província). |b Diputació |v Revistes |
| 650 | 0 | |a Parcs Naturals |9 49557 |z Barcelona (Catalunya : Província) | |
| 650 | 0 | |a Parcs naturals |9 53491 |z Barcelona (Catalunya : Província) |v Revistes | |
| 710 | 1 | |a Barcelona (Catalunya : Província). |b Xarxa de Parcs Naturals |9 7250 | |
| 710 | |a Barcelona (Catalunya : Província). |b Àrea d'Espais Naturals |9 9050 | ||
| 866 | |a 2009, 2010 | ||
| 901 | |a Arxiu | ||
| 942 | |n 1 |2 udc |c ARXIU | ||
| 952 | |0 0 |1 0 |4 0 |7 1 |9 54809 |a Arxiu |b Arxiu |d 2023-04-13 |h 2009 |o FU-58-19 |p 22970 |r 2016-12-01 00:00:00 |w 2016-12-01 |y ARXIU | ||
| 952 | |0 0 |1 0 |4 0 |6 C3382 |7 1 |9 65533 |a Arxiu |b Arxiu |d 2023-03-07 |h 2010 |l 0 |o C-3-382 |p 23371 |r 2023-03-07 00:00:00 |w 2023-03-07 |y ARXIU | ||
| 999 | |c 58678 |d 58678 | ||